| 000 | 00975nam a2200205Ia 4500 | ||
|---|---|---|---|
| 999 |
_c39186 _d39186 |
||
| 001 | 5771 | ||
| 003 | GE_BSU | ||
| 005 | 20190531174929.0 | ||
| 008 | 181216s1964||||ge |||||||||||||| ||geo|| | ||
| 040 | _cGE_BSU | ||
| 041 | _ageo | ||
| 080 | _a629.113/.114 პ-33 | ||
| 100 |
_aპეტრიაშვილი, დ. _91913 |
||
| 245 |
_aავტომობილებისა და ტრაქტორების ელექტრომოწყობილობა : _bდამხმ. სახელმძღ. / _cდ. პეტრიაშვილი ; რედ. ო. სადრაძე. |
||
| 264 |
_aთბილისი : _bცოდნა, _c1964. |
||
| 300 |
_a105 გვ. : _bილ.; _c20 სმ. |
||
| 653 | _aავტომობილებისა და ტრაქტორების ელექტრომოწყობილობა | ||
| 700 |
_aო. სადრაძე _eრედაქტორი _91914 |
||
| 942 |
_cBK _2udc |
||